<?xml version="1.0" encoding="UTF-8"?>
<record
    xmlns:xsi="http://www.w3.org/2001/XMLSchema-instance"
    xsi:schemaLocation="http://www.loc.gov/MARC21/slim http://www.loc.gov/standards/marcxml/schema/MARC21slim.xsd"
    xmlns="http://www.loc.gov/MARC21/slim">

  <leader>01011nam a22002537a 4500</leader>
  <controlfield tag="005">20170123164200.0</controlfield>
  <datafield tag="010" ind1=" " ind2=" ">
    <subfield code="a">B-109235</subfield>
  </datafield>
  <datafield tag="020" ind1=" " ind2=" ">
    <subfield code="c">125.00</subfield>
  </datafield>
  <datafield tag="035" ind1=" " ind2=" ">
    <subfield code="a">B-109235</subfield>
  </datafield>
  <datafield tag="037" ind1=" " ind2=" ">
    <subfield code="b">Cen Lib/Ret</subfield>
  </datafield>
  <datafield tag="040" ind1=" " ind2=" ">
    <subfield code="a">DPL</subfield>
    <subfield code="b">PN</subfield>
  </datafield>
  <datafield tag="082" ind1=" " ind2=" ">
    <subfield code="a">910.4</subfield>
    <subfield code="b">&#xA17;&#xA41;&#xA32;&#xA3E;&#xA1F;&#xA40;</subfield>
  </datafield>
  <datafield tag="100" ind1=" " ind2=" ">
    <subfield code="a">&#xA17;&#xA41;&#xA32;&#xA3E;&#xA1F;&#xA40;, &#xA38;&#xA24;&#xA40;&#xA38;&#xA3C; </subfield>
    <subfield code="9">135436</subfield>
  </datafield>
  <datafield tag="245" ind1=" " ind2=" ">
    <subfield code="a">&#xA1A;&#xA41;&#xA71;&#xA2A; &#xA26;&#xA47; &#xA05;&#xA70;&#xA26;&#xA30; &#xA2C;&#xA3E;&#xA39;&#xA30; :</subfield>
    <subfield code="c">&#xA38;&#xA24;&#xA40;&#xA38;&#xA3C; &#xA17;&#xA41;&#xA32;&#xA3E;&#xA1F;&#xA40; </subfield>
    <subfield code="b">&#xA2F;&#xA3E;&#xA24;&#xA30;&#xA3E; &#xA38;&#xA70;&#xA38;&#xA2E;&#xA30;&#xA23; /</subfield>
  </datafield>
  <datafield tag="246" ind1=" " ind2=" ">
    <subfield code="a">Chup de ander bahar : y&#x101;tar&#x101; sam&#x306;samara&#x1E47;a</subfield>
    <subfield code="b">by Satish Gulati </subfield>
  </datafield>
  <datafield tag="260" ind1=" " ind2=" ">
    <subfield code="a">&#xA32;&#xA41;&#xA27;&#xA3F;&#xA06;&#xA28;&#xA3E; </subfield>
    <subfield code="b">&#xA1A;&#xA47;&#xA24;&#xA28;&#xA3E; &#xA2A;&#xA4D;&#xA30;&#xA15;&#xA3E;&#xA38;&#xA3C;&#xA28;</subfield>
    <subfield code="c">2004</subfield>
  </datafield>
  <datafield tag="270" ind1=" " ind2=" ">
    <subfield code="a">&#xA2A;&#xA70;&#xA1C;&#xA3E;&#xA2C;&#xA40; &#xA2D;&#xA35;&#xA28;	</subfield>
    <subfield code="b">&#xA32;&#xA41;&#xA27;&#xA3F;&#xA06;&#xA28;&#xA3E; </subfield>
  </datafield>
  <datafield tag="300" ind1=" " ind2=" ">
    <subfield code="a">107p </subfield>
    <subfield code="c">20cm</subfield>
  </datafield>
  <datafield tag="650" ind1=" " ind2=" ">
    <subfield code="a"> &#xA2D;&#xA3E;&#xA30;&#xA24; &#xA28;&#xA42;&#xA70; -- &#xA35;&#xA47;&#xA30;&#xA35;&#xA3E; &#xA05;&#xA24;&#xA47; &#xA2F;&#xA3E;&#xA24;&#xA30;&#xA3E;</subfield>
    <subfield code="9">135437</subfield>
  </datafield>
  <datafield tag="650" ind1=" " ind2=" ">
    <subfield code="a">&#xA2F;&#xA3E;&#xA24;&#xA30;&#xA3E;</subfield>
    <subfield code="9">135438</subfield>
  </datafield>
  <datafield tag="650" ind1=" " ind2=" ">
    <subfield code="a">India -- Description and travel</subfield>
    <subfield code="9">26587</subfield>
  </datafield>
  <datafield tag="650" ind1=" " ind2=" ">
    <subfield code="a"> travel</subfield>
    <subfield code="9">25007</subfield>
  </datafield>
  <datafield tag="942" ind1=" " ind2=" ">
    <subfield code="2">ddc</subfield>
    <subfield code="c">PN</subfield>
    <subfield code="h">910.4</subfield>
    <subfield code="m">&#xA17;&#xA41;&#xA32;&#xA3E;&#xA1F;&#xA40;</subfield>
  </datafield>
  <datafield tag="999" ind1=" " ind2=" ">
    <subfield code="c">110967</subfield>
    <subfield code="d">110967</subfield>
  </datafield>
  <datafield tag="952" ind1=" " ind2=" ">
    <subfield code="0">0</subfield>
    <subfield code="1">0</subfield>
    <subfield code="4">0</subfield>
    <subfield code="7">0</subfield>
    <subfield code="a">L</subfield>
    <subfield code="b">L</subfield>
    <subfield code="d">2016-02-10</subfield>
    <subfield code="e">Cen Lib/Ret</subfield>
    <subfield code="g">125.00</subfield>
    <subfield code="l">0</subfield>
    <subfield code="o">910.4 &#xA17;&#xA41;&#xA32;&#xA3E;&#xA1F;&#xA40;</subfield>
    <subfield code="p">B-109235</subfield>
    <subfield code="r">2016-02-10 00:00:00</subfield>
    <subfield code="t">1</subfield>
    <subfield code="v">125.00</subfield>
    <subfield code="w">2016-02-10</subfield>
    <subfield code="y">PN</subfield>
  </datafield>
</record>
